El "Poema de Cid" : Poesía, historia, mito

Guardado en:
書目詳細資料
主要作者: Bandera Gómez, Cesáreo
格式: 圖書
語言:Undetermined
出版: Madrid, España Gredos 1969
主題:
標簽: 添加標簽
沒有標簽, 成為第一個標記此記錄!

MARC

LEADER 00000nam a2200000Ia 4500
008 170316s9999 xx 000 0 und d
090 |a 862 B-2p 
100 |a Bandera Gómez, Cesáreo 
245 |a El "Poema de Cid" : Poesía, historia, mito 
260 |a Madrid, España 
260 |b Gredos 
260 |c 1969 
300 |a 189 páginas 
650 |a LITERATURA ESPAÑOLA 
999 |c 24941  |d 24941 
040 |a cru BVZT 
942 |c 15 D  |h 862 B-2p  |2 z